| 000 | 00668nam a2200241Ia 4500 | ||
|---|---|---|---|
| 003 | OSt | ||
| 005 | 20220925214039.0 | ||
| 006 | a|||||r|||| 00| 0 | ||
| 007 | ta | ||
| 008 | 220923b |||||||| |||| 00| 0 eng d | ||
| 037 | _cGeneral Book | ||
| 040 |
_aRTL _cRTL _beng |
||
| 041 |
_2eng _aeng |
||
| 082 | _aY.55.N7, L6 | ||
| 100 |
_aKrejci Jaroslav _9120849 |
||
| 245 | 0 | _aSocial structure in divided Germany | |
| 260 |
_aLondon _bCroom Helm _c1976 |
||
| 300 |
_a262p _ccm. |
||
| 500 | _aBibliography: p 252-62; Appendix: p 220-51 | ||
| 650 | _aFertility | ||
| 942 |
_hY.55.N7, L6 _cGB _2CC |
||
| 999 |
_c564293 _d564293 |
||